Microenseñanza: una nueva técnica para la formación y el perfeccionamiento docentes

Αποθηκεύτηκε σε:
Λεπτομέρειες βιβλιογραφικής εγγραφής
Κύριοι συγγραφείς: Allen, Dwight (Συγγραφέας), Ryan, Kevin (Συγγραφέας)
Μορφή: Βιβλίο
Γλώσσα:Ισπανικά
Έκδοση: Buenos Aires El Ateneo 1976
Σειρά:Biblioteca Nuevas Orientaciones de la Educación. Problemática de la Educación
Θέματα:
Ετικέτες: Προσθήκη ετικέτας
Δεν υπάρχουν, Καταχωρήστε ετικέτα πρώτοι!

MARC

LEADER 00000nam a2200000 a 4500
001 UCU0938
003 CL-VaPUC
008 960329e19760000AG |||||||||||||||||spa|d
082 0 4 |a 370.71  |b ALL  |2 21 
100 0 |a Allen, Dwight  |e author  |9 356447 
700 0 |a Ryan, Kevin  |e author  |9 356448 
245 1 0 |a Microenseñanza: una nueva técnica para la formación y el perfeccionamiento docentes 
300 |a 130 p 
942 |c BK 
945 |d 19960329 00:00:00  |a cmena 
260 |a Buenos Aires  |b El Ateneo  |c 1976 
650 0 |a Formación profesional de profesores  |9 307493 
650 7 |a MICROENSEÑANZA  |2 CL-VaPUC  |9 312930 
650 0 |a Métodos de enseñanza  |9 270413 
650 7 |a TUTORIA  |2 CL-VaPUC  |9 335054 
583 |a last modification  |c 19960329 00:00:00  |k Rodrigo Vera 
490 0 |a Biblioteca Nuevas Orientaciones de la Educación. Problemática de la Educación 
999 |c 245714  |d 245712 
952 |0 0  |1 0  |4 0  |6 370_710000000000000_ALL_1976  |7 0  |8 P  |9 260303  |a BIBEDU  |b BIBEDU  |c BIBEDU_PB  |d 2019-11-19  |i 163819K  |o 370.71 ALL 1976  |p 163819K  |r 2024-01-25  |w 2019-11-19  |y BK  |k EDU